Normal view
MARC view
Entry Personal Name
001 - CONTROL NUMBER
- control field: 78434
003 - CONTROL NUMBER IDENTIFIER
- control field: dpl
005 - DATE AND TIME OF LATEST TRANSACTION
- control field: 20250221124023.0
008 - FIXED-LENGTH DATA ELEMENTS
- fixed length control field: 250221|| aca||aabn | a|a d
040 ## - CATALOGING SOURCE
- Original cataloging agency: dpl
- Transcribing agency: dpl
100 ## - HEADING--PERSONAL NAME
- Personal name: Manikrao, Sachinkumar
670 ## - SOURCE DATA FOUND
- Source citation: Work cat.: (dpl)209615: Manikrao, Sachinkumar, Areas of Contestation and Debate between India and Pakistan: , 2016
